Grey's Anatomy Characters - Statistics

General Stats
  • This quiz has been taken 621 times
    496 since last reset
  • The average score is 32 of 78
Answer Stats
Seasons as Main (Guest/Recurring) Answer % Correct
1-19 Meredith Grey
98%
1-10 Cristina Yang
92%
1-6 Izzie Stevens
90%
1-11 (17) Derek Shepherd
89%
4-8 (3, 17) Lexie Grey
88%
1-19 Miranda Bailey
87%
1-19 Richard Webber
87%
1-16 Alex Karev
85%
1-5 (17) George O'Malley
85%
3-9 (2, 17) Mark Sloan
81%
11-19 (7-8, 10) Amelia Shepherd
79%
6-14 (5) Arizona Robbins
78%
3-12 (2) Callie Torres
77%
7-17 (6, 18-19) Jackson Avery
76%
1-3 (10) Preston Burke
75%
10-19 (9) Jo Wilson
74%
7-14 (6, 17-18) April Kepner
73%
2-3 (1, 4-8, 18-19) Addison Montgomery
72%
5-19 Owen Hunt
72%
6-8, 15-19 (14) Teddy Altman
66%
Jason George
62%
11-19 (10) Maggie Pierce
59%
10-13 (9) Stephanie Edwards
59%
12-17 (11) Andrew DeLuca
52%
4-5 (2-3) Erica Hahn
52%
Chandra Wilson
51%
10 (9) Shane Ross
49%
Ellen Pompeo
46%
10 (9, 13) Leah Murphy
45%
Sandra Oh
44%
12-14 Nathan Riggs
43%
Patrick Dempsey
40%
16-19 (15) Atticus Lincoln
39%
T. R. Knight
38%
Katherine Heigl
36%
16-19 (14-15) Levi Schmitt
36%
Justin Chambers
35%
Eric Dane
33%
Kate Walsh
32%
Chyler Leigh
31%
Jesse Williams
31%
Jessica Capshaw
30%
Isaiah Washington
29%
Sara Ramirez
29%
12-14 (6-19) Benjamin Warren
28%
James Pickens Jr.
28%
Kevin McKidd
27%
Sarah Drew
27%
Camilla Luddington
26%
17-18 (16) Cormac Hayes
26%
Kim Raver
26%
17-19 (16) Winston Ndugu
24%
16-17 (14-15, 18-19) Tom Koracick
22%
Caterina Scorsone
21%
Gaius Charles
20%
19 Lucas Adams
18%
18-19 (14) Nick Marsh
17%
19 Jules Millin
16%
Brooke Smith
15%
Kelly McCreary
15%
19 Mika Yasuda
15%
19 Simone Griffith
15%
19 Benson Kwan
14%
Chris Carmack
14%
Jerrika Hinton
14%
Jake Borelli
13%
Richard Flood
12%
Adelaide Kane
11%
Anthony Hill
11%
Greg Germann
11%
Tessa Ferrer
11%
Martin Henderson
10%
Alexis Floyd
9%
Harry Shum Jr.
9%
Midori Francis
9%
Niko Terho
9%
Giacomo Giannotti
8%
Scott Speedman
8%
No matching quizzes found
Score Distribution
Percent of People with Each Score
Percentile by Number Answered
Your Score History
You have not taken this quiz since the last reset